000 00480nam a2200169Ia 4500
008 240729s9999 xx 000 0 und d
022 _a2319-247X
245 0 _aExploratory Animal and Medical Research
260 _aIndia
260 _bWest Bengal Veterinary Alumni Association
650 _a Animal culture
650 _a Veterinary medicine
650 _aAgriculture
856 _uhttps://doaj.org/toc/d5cb45ae051243a0be331780a52169dd
942 _2ddc
942 _cDOAJEJ
999 _c74569
_d74569
945 _a1
_bMadushi Gamage
_c1
_dMadushi Gamage